Zdroje návštevnosti vybraných slovenských internetových obchodov v rokoch 2010 a 2011 a možnosti ich využitia
Príspevok kumulatívne sumarizuje návštevnosť piatich vybraných elektronických obchodov. Popisuje jednotlivé zdroje návštevnosti a analyzuje ich efektívnosť a možnosti využitia v prostredí slovenského internetového trhu.
Salvato in:
| Autore principale: | |
|---|---|
| Natura: | Capitolo di libro |
| Lingua: | slovacco |
| Soggetti: | |
| Tags: |
Nessun Tag, puoi essere il primo ad aggiungerne!!
|
MARC
| LEADER | 00000nla$a2200000$$$4500 | ||
|---|---|---|---|
| 001 | 0142902 | ||
| 005 | 20240502072549.4 | ||
| 041 | 0 | |a slo | |
| 044 | |a SK | ||
| 245 | 1 | 0 | |a Zdroje návštevnosti vybraných slovenských internetových obchodov v rokoch 2010 a 2011 a možnosti ich využitia |c Dalibor Cicman |
| 520 | |a Príspevok kumulatívne sumarizuje návštevnosť piatich vybraných elektronických obchodov. Popisuje jednotlivé zdroje návštevnosti a analyzuje ich efektívnosť a možnosti využitia v prostredí slovenského internetového trhu. | ||
| 610 | 2 | 0 | |a obchod elektronický |
| 610 | 2 | 0 | |a internet |
| 100 | 1 | |a Cicman, Dalibor | |